| 000 | 00350nam a2200133Ia 4500 | ||
|---|---|---|---|
| 008 | 240624s9999 xx 000 0 und d | ||
| 041 | _aeng | ||
| 082 | _a658.4013 SUT | ||
| 100 | _aSUTTON ROBERT I | ||
| 245 | _aSCALING UP EXCELLENCE GETTING TO MORE WI | ||
| 260 |
_c2014 _aNew Delhi _bRandom House |
||
| 300 | _axviii, 346 p.; 23 cm. | ||
| 365 | _cRS | ||
| 999 |
_c31768 _d31768 |
||